000 004470000a22001690004500
041 0 _aENG
082 0 4 _aG 266.351 W778t
100 1 _aWinslow, Carolyn V.
245 1 0 _aTomorrow / Carolyn V. Winslow
260 _aWinona Lake, IN., USA : Young People's Missionary Society
300 _a123 Pag
001 7668
942 _cBK
999 _c37873
_d37873
336 _atexto
_btxt
_2rdacontent
337 _2rdamedia
_asin mediación
_bn
338 _2rdacarrier
_avolumen
_bnc